Handbook of tilting theory /

Guardado en:
Otros Autores: Angeleri Hügel, Lidia. (Editor ), Happel, Dieter, 1953- (Editor ), Krause, Henning, 1962- (Editor )
Formato: Libro
Idioma:English
Publicado: Cambridge, UK : Cambridge University Press, 2007.
Series:London Mathematical Society lecture note series ; 332
Materias:
Acceso en línea:Publisher description
Etiquetas: Agregar Etiqueta
Sin Etiquetas, Sea el primero en etiquetar este registro!
LEADER 02444cam a22003377a 4500
001 MAT.inmabb005098
008 070523s2007####enka#####b####000#0#eng#d
005 20130404150104.0
245 0 0 |a Handbook of tilting theory /  |c edited by Lidia Angeleri Hügel, Dieter Happel, Henning Krause. 
260 |a Cambridge, UK :  |b Cambridge University Press,  |c 2007. 
300 |a viii, 472 p. :  |b il. ;  |c 23 cm. 
440 0 |a London Mathematical Society lecture note series ;  |v 332 
504 |a Incluye referencias bibliográficas. 
505 0 |a Lidia Angeleri Hügel, Dieter Happel and Henning Krause, Basic results of classical tilting theory -- Thomas Brüstle, Classification of representation-finite algebras and their modules -- Sheila Brenner and M. C. R. Butler, A spectral sequence analysis of classical tilting functors -- Bernhard Keller, Derived categories and tilting -- Helmut Lenzing, Hereditary categories -- Lutz Hille and Michel Van den Bergh, Fourier-Mukai transforms -- Idun Reiten, Tilting theory and homologically finite subcategories with applications to quasihereditary algebras -- Stephen Donkin, Tilting modules for algebraic groups and finite dimensional algebras -- Luise Unger, Combinatorial aspects of the set of tilting modules -- Jan Trlifaj, Infinite dimensional tilting modules and cotorsion pairs -- Øyvind Solberg, Infinite dimensional tilting modules over finite dimensional algebras -- Riccardo Colpi and Kent R. Fuller, Cotilting dualities -- Joseph Chuang and Jeremy Rickard, Representations of finite groups and tilting -- Brooke Shipley, Morita theory in stable homotopy theory -- Claus Michael Ringel, Appendix: Some remarks concerning tilting modules and tilted algebras. Origin. Relevance. Future. 
510 4 |a MR,  |c 2008i:16001 
020 |a 052168045X (pbk.) 
020 |a 9780521680455 (pbk.) 
700 1 |a Angeleri Hügel, Lidia.  |4 edt 
700 1 |a Happel, Dieter,  |d 1953-  |4 edt 
700 1 |a Krause, Henning,  |d 1962-  |4 edt 
246 3 0 |a Tilting theory 
650 0 |a Associative algebras. 
650 0 |a Modules (Algebra) 
650 0 |a Representations of algebras. 
650 0 |a Dimension theory (Algebra) 
650 0 |a Finite groups. 
084 |a 16-06 (16G10)  |2 msc2000 
010 |a  2007275607 
040 |a DGU  |c DGU  |d DGU  |d UAB  |d YDXCP  |d IXA  |d IQU  |d BAKER  |d DLC 
856 4 2 |3 Publisher description  |u http://www.loc.gov/catdir/enhancements/fy0729/2007275607-d.html 
859 |h 16  |i H236  |p A-8533  |b BIB. MATEMATICA